| 000 | 00895nam a22002417a 4500 | ||
|---|---|---|---|
| 001 | 80740 | ||
| 003 | BD-RjUL | ||
| 005 | 20230524112608.0 | ||
| 008 | 221109s1984 bg a|||| m||| 00| 0 eng d | ||
| 035 | _a(BD-RjUL)80740 | ||
| 040 |
_aBD-RjUL _beng _cBD-RjUL _dBD-RjUL |
||
| 041 | _aeng | ||
| 082 |
_223 _a633.11 _bISS 1984 |
||
| 100 |
_aIslam, Quazi Nazrul _95776 |
||
| 245 | 1 | 0 |
_aStudies of Genotype-Environment interaction shown by coleoptile length In Wheat (Triticum aestivum L. em Thell) / _cBy Quazi Nazrul Islam ; _6Supervisor : O. I. Joarder |
| 260 |
_aRajshahi : _bDepartment of Botany, University of Rajshahi, _c1984 |
||
| 300 |
_avii, 286 leaves : _bill, ; _c29.cm. |
||
| 502 | _aThesis (M. Phil.) -- Department of Botany, University of Rajshahi, 1984 | ||
| 504 | _aReferences : Leaves 269 - 286 | ||
| 650 | _aWheat | ||
| 700 |
_aJoarder, O. I. Supervisor _95586 |
||
| 942 |
_2ddc _cTHE |
||
| 999 |
_c80740 _d80740 |
||